SOFTWARE MAINTENANCE MANAGEMENT A STUDY OFTHE MAINTENANACE OF COMPUTER APPLICATION SOFTWARE IN 487 DATA PROCESSING ORGANIZATION (Record no. 580029)
[ view plain ]
| 000 -LEADER | |
|---|---|
| fixed length control field | 00461nam a22001337a 4500 |
| 020 ## - INTERNATIONAL STANDARD BOOK NUMBER | |
| International Standard Book Number | 0-201-04205-3 |
| 082 ## - DEWEY DECIMAL CLASSIFICATION NUMBER | |
| Classification number | 005.16 LIE'F |
| 100 ## - MAIN ENTRY--PERSONAL NAME | |
| Personal name | SWANSSON, E. BURTON,LIENTY, BENNET P |
| 9 (RLIN) | 74508 |
| 245 ## - TITLE STATEMENT | |
| Title | SOFTWARE MAINTENANCE MANAGEMENT A STUDY OFTHE MAINTENANACE OF COMPUTER APPLICATION SOFTWARE IN 487 DATA PROCESSING ORGANIZATION |
| 260 ## - PUBLICATION, DISTRIBUTION, ETC. | |
| Place of publication, distribution, etc. | LONDON |
| Name of publisher, distributor, etc. | ADDISON WESLEY |
| Date of publication, distribution, etc. | 1980 |
| 300 ## - PHYSICAL DESCRIPTION | |
| Extent | 214P |
| 650 ## - SUBJECT ADDED ENTRY--TOPICAL TERM | |
| Topical term or geographic name entry element | COMPUTER PROGRAMMING MANAGEMENT |
| 9 (RLIN) | 74509 |
| 942 ## - ADDED ENTRY ELEMENTS (KOHA) | |
| Koha item type | Book |
| Withdrawn status | Lost status | Damaged status | Not for loan | Permanent Location | Current Location | Shelving location | Date acquired | Total Checkouts | Full call number | Barcode | Date last seen | Price effective from | Koha item type |
|---|---|---|---|---|---|---|---|---|---|---|---|---|---|
| College of Electrical & Mechanical Engineering (CEME) | College of Electrical & Mechanical Engineering (CEME) | General Stacks | 05/08/2017 | 005.16 LIE'F | CEME-15194 | 06/28/2021 | 06/28/2021 | Book |
